| 000 | 02134nam a22002177a 4500 | ||
|---|---|---|---|
| 003 | OSt | ||
| 005 | 20181129063251.0 | ||
| 008 | 180220b xxu||||| |||| 00| 0 spa d | ||
| 020 | _a9509502154 | ||
| 040 | _cPJ | ||
| 100 |
_957 _aGordillo, Agustín A. |
||
| 245 | 1 | 0 |
_aTratado de derecho administrativo / _cAgustín Gordillo. |
| 260 |
_aBuenos Aires : _bFundación de Derecho Administrativo, _c1998. |
||
| 300 |
_a4 v. _c23 cm. |
||
| 500 | _aNotas al pie de página. | ||
| 505 | _aContenido: v. 1: Parte General: Método en derecho. Pasado, presente y futuro. Bases políticas, supraconstitucionales y sociales. Condicionamientos económicos y financieros; Crisis y cambio. Fuentes supranacionales y nacionales. Relaciones. Funciones del poder. Clasificación jurídica de la función administrativa y de contratos administrativos. Órganos del Estado. Agentes públicos. Clasificación de entes públicos. Entes reguladores. v. 2: Defensa del usuario y del administrado: Prueba de los derechos, distintos tipos de derecho, lesión y protección de derechos. responsabilidad por violación de los derechos. v. 3: Acto administrativo: Como parte de la función administrativa y como productor de efectos jurídicos. Distinción entre acto y hecho administrativo. Actos, reglamentos y contratos administrativos. Presunción de legitimidad, exigibilidad y ejecutoriedad. Estabilidad e impugnabilidad. Actos administrativos como instrumentos públicos. Objeto y competencia del acto administrativo. Vicios de voluntad. Formalidades. Sistema de nulidades. Modificación. Extinción. v. 4: Procedimiento administrativo: Partes. Administrador. Recursos. Acceso a las actuaciones administrativas. Notificación y publicación. Apertura a prueba, Medios de prueba. Producción y valoración de la prueba. Tiempo en el procedimiento. Recursos de reconsideración; Jerárquico y de alzada. Reclamo administrativo previo. Queja y amparo por mora. Anexo. | ||
| 650 |
_aDERECHO ADMINISTRATIVO _9211 |
||
| 650 | 0 |
_aPROCEDIMIENTO ADMINISTRATIVO _91135 |
|
| 650 | 0 |
_aACTO ADMINISTRATIVO _91171 |
|
| 942 |
_2udc _cLIB _h342.9(035) _iGOR |
||
| 999 |
_c287 _d287 |
||